| 000 | 01844cam a2200433Ma 4500 | ||
|---|---|---|---|
| 999 |
_c6376 _d6376 |
||
| 001 | 775117181 | ||
| 003 | OCoLC | ||
| 005 | 20190116184438.0 | ||
| 008 | 760202s1983 miu di 000 0 eng d | ||
| 010 | _a 55005338 | ||
| 020 | _a0802880843 | ||
| 020 | _a9780802880840 | ||
| 020 | _a0802880851 | ||
| 020 | _a9780802880857 | ||
| 035 | _a(OCoLC)775117181 | ||
| 040 |
_aHU9 _cHU9 _dCIRBC |
||
| 041 | 0 | _aenghebgrc | |
| 050 | 1 | 4 |
_aBS425 _b.Y7 |
| 082 | 4 |
_aREF 220.5 _bR643a |
|
| 092 |
_a220.2 _bY757 |
||
| 100 | 1 |
_aYoung, Robert, _d1822-1888. |
|
| 245 | 1 | 0 |
_aAnalytical concordance to the Bible : _bon an entirely new plan containing about 311,000 references, subdivided under the Hebrew and Greek originals, with the literal meaning and pronunciation of each / _cdesigned for the simplest reader of the English Bible by Robert Young ; also, index lexicons to the Old and New Testaments, being a guide to parallel passages and a complete list of scripture proper names, showing their modern pronunciation. |
| 246 | 3 | _aCanon of the scripture | |
| 250 |
_a22d American ed., rev. / _bby Wm. B. Stevenson ; with a supplement entitled The canon of scripture by R. K. Harrison and Everett F. Harrison. |
||
| 260 |
_aGrand Rapids, Mich. : _bEerdmans, _c[1983]. |
||
| 300 |
_a1090, 93, 23, 20 p. ; _c28 cm. |
||
| 500 | _aReprinted. | ||
| 500 | _aReprinted. | ||
| 630 | 0 | 0 |
_aBible _xConcordances, English. |
| 630 | 0 | 0 |
_aBible _xAntiquities. |
| 650 | 0 |
_aHebrew language _vDictionaries _xEnglish. |
|
| 650 | 0 |
_aGreek language, Biblical _vDictionaries _xEnglish. |
|
| 650 | 0 |
_aHebrew language _vDictionaries _xEnglish. |
|
| 650 | 0 |
_aGreek language, Biblical _vDictionaries _xEnglish. |
|
| 651 | 0 |
_aPalestine _xAntiquities. |
|
| 700 | 1 |
_aHarrison, R. K. _q(Roland Kenneth) |
|
| 700 | 1 |
_aHarrison, Everett Falconer, _d1902- |
|
| 942 |
_2ddc _cREF |
||